| 000 | 00610nam a2200217 a 4500 | ||
|---|---|---|---|
| 001 | 21131 | ||
| 003 | BD-RjUL | ||
| 005 | 20211209000642.0 | ||
| 008 | 140303r19631954enk 000 1 eng d | ||
| 020 | _z0583048006 | ||
| 035 | _a(BD-RjUL)21195 | ||
| 040 |
_aBD-RjUL _beng _cBD-RjUL _dBD-RjUL |
||
| 041 | _aeng | ||
| 082 |
_a823.91 _bMUU |
||
| 100 | 1 |
_aMurdoch, Iris. _965317 |
|
| 245 | 1 | 0 |
_aUnder the net : _bA novel / _cIrish Murdoch. |
| 260 |
_aSt. Albans : _bTriad / Panther, _c c1954 [impression 1963] |
||
| 300 |
_a286 p. ; _c18 cm. |
||
| 650 | 0 |
_aEnglish fiction _xWomen authors. _961517 |
|
| 942 |
_2ddc _cBK |
||
| 999 |
_c21131 _d21131 |
||